Statistics for Former Home Grounds of English Football Clubs #1

Click here to take the quiz!

General Stats

  • This quiz has been taken 663 times
    (413 since last reset)
  • The average score is 11 of 18

Answer Stats

GroundClub% Correct
Maine RoadManchester City
96%
Boleyn Ground, Upton ParkWest Ham United
91%
Ninian ParkCardiff City
76%
Griffin ParkBrentford
75%
Ayresome ParkMiddlesbrough
70%
Gay MeadowShrewsbury Town
67%
Vetch FieldSwansea City
61%
Goldstone GroundBrighton & Hove Albion
60%
Burnden ParkBolton Wanderers
56%
Layer RoadColchester United
55%
UnderhillBarnet
50%
Belle VueDoncaster Rovers
50%
Leeds RoadHuddersfield Town
50%
Elm ParkReading
47%
Bootham CrescentYork City
42%
Eastville StadiumBristol Rovers
37%
SaltergateChesterfield
37%
FeethamsDarlington
33%

Score Distribution

Percentile by Number Answered

Percent of People with Each Score

Your Score History

You have not taken this quiz since the last reset